[Event "2MCR_3DE_2LA_1S"]
[Site "?"]
[Date "2007.??.??"]
[Round "?"]
[White "Majstr, Jiri"]
[Black "Makovsky, Petr"]
[Result "0-1"]
[WhiteElo "2103"]
[BlackElo "2317"]
[Annotator "032"]
[PlyCount "82"]
[EventDate "2007.??.??"]
[EventType "corr"]
[EventRounds "2"]
[SourceDate "2007.01.28"]

1. Nf3 Nf6 2. c4 c5 3. g3 d5 4. cxd5 Nxd5 5. Nc3 Nc6 6. Bg2 g6 7. O-O Bg7 8.
Qa4 O-O 9. Qc4 Nxc3 10. bxc3 b6 11. Qh4 Bb7 12. Rb1 e5 13. d3 Qxh4 14. Nxh4
Rad8 15. Bg5 Rd7 16. Rfd1 f5 17. Be3 Rfd8 18. Bg5 Re8 19. Be3 e4 20. dxe4 Rxd1+
21. Rxd1 fxe4 22. Bd2 Ba6 23. Kf1 Bc4 24. a3 Na5 25. Be1 Bb3 26. Rd7 Be6 27.
Rxa7 g5 28. Bxe4 gxh4 29. f3 hxg3 30. hxg3 Nc4 31. Kf2 Nb2 32. Rb7 Nd1+ 33. Kg2
c4 34. Bd2 Bf7 35. Rxb6 Nxc3 36. Bxc3 Bxc3 37. a4 Re5 38. e3 Ba5 39. Rb7 c3 40.
Bxh7+ Kxh7 41. Rxf7+ Kg8 0-1

[Event "2MCR_3DE_2LA_1S"]
[Site "?"]
[Date "2007.??.??"]
[Round "?"]
[White "Dedina, Miroslav"]
[Black "Pauschek, Roman"]
[Result "1/2-1/2"]
[WhiteElo "2165"]
[BlackElo "2165"]
[Annotator "033"]
[PlyCount "73"]
[EventDate "2007.??.??"]
[EventType "corr"]
[EventRounds "2"]
[SourceDate "2007.01.28"]

1. e4 e5 2. Nf3 Nc6 3. Bc4 Bc5 4. b4 Bxb4 5. c3 Be7 6. d4 Na5 7. Be2 exd4 8.
Qxd4 d5 9. exd5 Nf6 10. c4 c5 11. Qd3 O-O 12. O-O b5 13. Rd1 bxc4 14. Qa3 Ne4
15. Nbd2 Nd6 16. Bb2 Nb5 17. Qe3 c3 18. Bxc3 Nxc3 19. Qxc3 Bf6 20. Ne5 Qxd5 21.
Ndc4 Qe6 22. Qxa5 Bxe5 23. Nxe5 Qxe5 24. Bf3 Rb8 25. Rac1 Bb7 26. Rxc5 Qf6 27.
Be2 Be4 28. Rc4 Rfe8 29. Bf1 Qb6 30. Qa4 Qb7 31. h3 Bd5 32. Rcd4 Be6 33. Bc4
Bxc4 34. Qxc4 Rbc8 35. Qa4 Qc6 36. Qxc6 Rxc6 37. Rd7 1/2-1/2

[Event "2MCR_3DE_2LA_1S"]
[Site "?"]
[Date "2007.??.??"]
[Round "?"]
[White "Pauschek, Roman"]
[Black "Dedina, Miroslav"]
[Result "1/2-1/2"]
[WhiteElo "2165"]
[BlackElo "2165"]
[Annotator "034"]
[PlyCount "66"]
[EventDate "2007.??.??"]
[EventType "corr"]
[EventRounds "2"]
[SourceDate "2007.01.28"]

1. d4 d5 2. c4 e6 3. Nc3 c6 4. Nf3 Nf6 5. e3 Nbd7 6. Qc2 Bd6 7. g4 dxc4 8. Bxc4
e5 9. g5 Nd5 10. Bd2 exd4 11. Qe4+ Ne7 12. Qxd4 Nf5 13. Qe4+ Ne7 14. Qc2 Nc5
15. b4 Na6 16. Ne4 Bg4 17. Nxd6+ Qxd6 18. Qe4 Bh5 19. Qe5 O-O-O 20. Qxd6 Rxd6
21. Nd4 Nc7 22. Be2 Bxe2 23. Kxe2 Rhd8 24. Rad1 h6 25. h4 h5 26. a3 Ncd5 27.
Kd3 f5 28. Kc2 g6 29. Nf3 Re6 30. Bc1 c5 31. bxc5 Rc6 32. Bb2 Rxc5+ 33. Kb3 Nc6
1/2-1/2

[Event "2MCR_3DE_2LA_1S"]
[Site "?"]
[Date "2007.??.??"]
[Round "?"]
[White "Korinek, Jaroslav"]
[Black "Pauschek, Roman"]
[Result "1/2-1/2"]
[WhiteElo "2000"]
[BlackElo "2165"]
[Annotator "035"]
[PlyCount "105"]
[EventDate "2007.??.??"]
[EventType "corr"]
[EventRounds "2"]
[SourceDate "2007.01.28"]

1. e4 e5 2. Nf3 Nc6 3. Bb5 a6 4. Ba4 Nf6 5. O-O Be7 6. Bxc6 dxc6 7. Nc3 Bg4 8.
h3 Bh5 9. Qe2 Nd7 10. Rd1 f6 11. g4 Bf7 12. d4 Bd6 13. d5 cxd5 14. Nxd5 c6 15.
Ne3 Bf8 16. Bd2 Be6 17. Kg2 Qe7 18. Nf5 Qf7 19. Ba5 h5 20. g5 fxg5 21. Nxg5 Qg6
22. f4 Bxf5 23. exf5 Qxf5 24. Qd3 g6 25. Ne4 Be7 26. Nd6+ Bxd6 27. Qxf5 gxf5
28. Rxd6 Rg8+ 29. Kh2 b6 30. Bc3 Nc5 31. fxe5 Ne4 32. Rxc6 Nxc3 33. Rxc3 Rd8
34. Rd3 Ke7 35. Rad1 Rxd3 36. cxd3 Ke6 37. d4 h4 38. Rg1 Rd8 39. Rg6+ Ke7 40.
Rxb6 Rxd4 41. Kg2 a5 42. Kf3 Rd3+ 43. Kf4 Rxh3 44. Kxf5 Rf3+ 45. Kg4 Rd3 46.
Kxh4 Rd5 47. e6 a4 48. a3 Rd6 49. Rb4 Ra6 50. Kg5 Kxe6 51. Kf4 Kd5 52. Ke3 Kc5
53. Kd3 1/2-1/2

[Event "2MCR_3DE_2LA_3S"]
[Site "?"]
[Date "2007.??.??"]
[Round "?"]
[White "Tunega, Frantisek"]
[Black "Koci, Vladimir"]
[Result "1/2-1/2"]
[WhiteElo "1800"]
[BlackElo "2098"]
[Annotator "041"]
[PlyCount "77"]
[EventDate "2007.??.??"]
[EventType "corr"]
[EventRounds "2"]
[SourceDate "2007.01.28"]

1. e4 c5 2. c3 d5 3. exd5 Qxd5 4. d4 Nc6 5. Nf3 Bg4 6. Be2 cxd4 7. cxd4 e6 8.
Nc3 Qa5 9. h3 Bh5 10. d5 Rd8 11. g4 exd5 12. Qb3 Rd7 13. gxh5 d4 14. Bd2 dxc3
15. Qxc3 Qxc3 16. Bxc3 Bb4 17. Bxb4 Nxb4 18. Bb5 Nc6 19. Rg1 g6 20. Bxc6 bxc6
21. Kf1 Nf6 22. Re1+ Re7 23. Rc1 Nxh5 24. Rxc6 Kd7 25. Ra6 Kc8 26. Rg4 Rd8 27.
Rc4+ Kb7 28. Rca4 Ka8 29. Kg2 Rd3 30. R6a5 f6 31. Rh4 Red7 32. b4 R7d5 33. Rxd5
Rxd5 34. a4 Rd3 35. Nd4 g5 36. Rxh5 Rxd4 37. Rxh7 Rxb4 38. Rf7 Rf4 39. a5
1/2-1/2

[Event "2MCR_3DE_2LA_1S"]
[Site "?"]
[Date "2007.??.??"]
[Round "?"]
[White "Brichacek, Milan"]
[Black "Pauschek, Roman"]
[Result "1/2-1/2"]
[WhiteElo "2215"]
[BlackElo "2165"]
[Annotator "036"]
[PlyCount "93"]
[EventDate "2007.??.??"]
[EventType "corr"]
[EventRounds "2"]
[SourceDate "2007.01.28"]

1. e4 e5 2. Nf3 Nc6 3. Bb5 a6 4. Ba4 Nf6 5. O-O Be7 6. Re1 b5 7. Bb3 O-O 8. c3
d6 9. h3 Na5 10. Bc2 c5 11. d4 Qc7 12. Nbd2 cxd4 13. cxd4 Nc6 14. Nb3 a5 15.
Be3 a4 16. Nbd2 Bd7 17. Rc1 Qb7 18. Qe2 Rfe8 19. Bd3 Rab8 20. b3 axb3 21. Nxb3
exd4 22. Bxd4 Nxd4 23. Nfxd4 Bd8 24. Rc2 Bb6 25. Qf3 b4 26. Qf4 Rbd8 27. Ree2
Bxd4 28. Nxd4 Qb6 29. Rc4 d5 30. exd5 Nxd5 31. Qg5 Nc3 32. Rxe8+ Rxe8 33. Qd2
Ra8 34. Nc2 Nxa2 35. Be4 Ra7 36. Nxb4 Nxb4 37. Rxb4 Ra1+ 38. Kh2 Qc7+ 39. f4
Ra7 40. Bd5 h6 41. Qd3 Kf8 42. Bb3 Kg8 43. Rd4 Be8 44. Qe3 Kf8 45. Rc4 Qb8 46.
Re4 Ra5 47. Qc3 1/2-1/2

[Event "2MCR_3DE_2LA_1S"]
[Site "?"]
[Date "2007.??.??"]
[Round "?"]
[White "Majstr, Jiri"]
[Black "Pauschek, Roman"]
[Result "1/2-1/2"]
[WhiteElo "2103"]
[BlackElo "2165"]
[Annotator "037"]
[PlyCount "65"]
[EventDate "2007.??.??"]
[EventType "corr"]
[EventRounds "2"]
[SourceDate "2007.01.28"]

1. Nf3 d5 2. d4 Nf6 3. Bf4 e6 4. e3 c5 5. c3 Nc6 6. Nbd2 Bd6 7. Bg3 Bxg3 8.
hxg3 Qd6 9. Bd3 e5 10. dxe5 Nxe5 11. Nxe5 Qxe5 12. Bb5+ Ke7 13. Nf3 Qc7 14. Bd3
Bd7 15. Qc2 h6 16. O-O-O Rhe8 17. Bf5 Bxf5 18. Qxf5 Rad8 19. g4 Qd7 20. Qf4
Qxg4 21. Qc7+ Kf8 22. Qxc5+ Kg8 23. Qb5 Qxg2 24. Qe2 Ne4 25. Rh2 Qg6 26. Rg1
Qa6 27. Qxa6 bxa6 28. Rxh6 Nxf2 29. Rxa6 Rd7 30. Nd4 g6 31. Rg3 Ne4 32. Rh3 Nd6
33. Nc2 1/2-1/2

[Event "2MCR_3DE_2LA_1S"]
[Site "?"]
[Date "2007.??.??"]
[Round "?"]
[White "Pauschek, Roman"]
[Black "Majstr, Jiri"]
[Result "1/2-1/2"]
[WhiteElo "2165"]
[BlackElo "2103"]
[Annotator "038"]
[PlyCount "64"]
[EventDate "2007.??.??"]
[EventType "corr"]
[EventRounds "2"]
[SourceDate "2007.01.28"]

1. d4 Nf6 2. c4 e6 3. Nc3 Bb4 4. Qc2 O-O 5. a3 Bxc3+ 6. Qxc3 b6 7. Bg5 Bb7 8.
e3 d6 9. f3 Nbd7 10. Bd3 c5 11. Ne2 Rc8 12. Qb3 cxd4 13. exd4 d5 14. O-O Qc7
15. cxd5 Nxd5 16. Rfc1 Qd6 17. Qd1 h6 18. Bh4 N7f6 19. Qd2 a5 20. Bg3 Qd7 21.
Be5 Nh5 22. h3 Nhf6 23. Nc3 Rfd8 24. Kh1 Ne8 25. Nxd5 Qxd5 26. Qe1 f6 27. Bg3
Nd6 28. Rc3 Kf7 29. Rac1 Nb5 30. Rc4 Rxc4 31. Rxc4 Rd7 32. Bf2 Nd6 1/2-1/2

[Event "2MCR_3DE_2LA_2S"]
[Site "?"]
[Date "2007.??.??"]
[Round "?"]
[White "Vacek, Frantisek"]
[Black "Majstrova, Alzbeta"]
[Result "1-0"]
[WhiteElo "1800"]
[BlackElo "1800"]
[Annotator "049"]
[PlyCount "65"]
[EventDate "2007.??.??"]
[EventType "corr"]
[EventRounds "2"]
[SourceDate "2007.01.28"]

1. e4 e5 2. Nf3 Nc6 3. d4 exd4 4. Nxd4 Bc5 5. Be3 Qf6 6. c3 Nge7 7. Bc4 Ne5 8.
Be2 O-O 9. O-O d5 10. f4 Qh6 11. Qd2 Ng4 12. Bxg4 Bxg4 13. f5 Qf6 14. Nc2 Bb6
15. h3 Bh5 16. exd5 Rfe8 17. d6 Nc6 18. d7 Re4 19. Bxb6 axb6 20. Nba3 Be2 21.
Rae1 Qe7 22. Rf2 Bd3 23. Rxe4 Bxe4 24. Re2 Qc5+ 25. Qe3 Qxf5 26. Qxe4 Qxd7 27.
Nb5 h6 28. a3 Rd8 29. Ncd4 Na5 30. b4 Nc6 31. Re3 Kh8 32. Qf4 Rc8 33. Nxc6 1-0

[Event "2MCR_3DE_2LA_3S"]
[Site "?"]
[Date "2007.??.??"]
[Round "?"]
[White "Kelbl, Jiri"]
[Black "Koci, Vladimir"]
[Result "0-1"]
[WhiteElo "1656"]
[BlackElo "2098"]
[Annotator "042"]
[PlyCount "80"]
[EventDate "2007.??.??"]
[EventType "corr"]
[EventRounds "2"]
[SourceDate "2007.01.28"]

1. e4 c5 2. Nf3 d6 3. Bb5+ Bd7 4. Bxd7+ Qxd7 5. O-O Nc6 6. c3 Nf6 7. d4 Nxe4 8.
d5 Nb8 9. Re1 Nf6 10. Bg5 h6 11. Bxf6 gxf6 12. c4 Rg8 13. Qe2 Qg4 14. g3 Nd7
15. Nbd2 f5 16. Kg2 f4 17. Ne4 O-O-O 18. h3 Qg7 19. Nh4 e6 20. dxe6 fxe6 21.
Rad1 fxg3 22. fxg3 Be7 23. Nf3 Nf6 24. g4 Nh5 25. Qe3 Rgf8 26. Rd2 Nf4+ 27. Kh2
Kb8 28. a3 d5 29. Nxc5 Bxc5 30. Qxc5 Nxh3 31. Ne5 Nf4 32. cxd5 Qg5 33. Re4 Ka8
34. Kh1 Rc8 35. Qg1 Nd3 36. Qe3 Qh4+ 37. Kg2 Nxe5 38. Qg3 Qg5 39. Rde2 Ng6 40.
dxe6 Nf4+ 0-1

[Event "2MCR_3DE_2LA_2S"]
[Site "?"]
[Date "2007.??.??"]
[Round "?"]
[White "Hlavacek, Ladislav"]
[Black "Nosek, Jaroslav"]
[Result "1/2-1/2"]
[WhiteElo "2002"]
[BlackElo "2249"]
[Annotator "050"]
[PlyCount "98"]
[EventDate "2007.??.??"]
[EventType "corr"]
[EventRounds "2"]
[SourceDate "2007.01.28"]

1. c4 c5 2. Nf3 Nf6 3. Nc3 d5 4. cxd5 Nxd5 5. d4 Nxc3 6. bxc3 g6 7. e3 Bg7 8.
Bd3 O-O 9. O-O Qc7 10. Ba3 Nd7 11. e4 Rd8 12. Qc2 a6 13. e5 e6 14. Be4 Rb8 15.
Qe2 b5 16. Rac1 Bb7 17. Ng5 h6 18. Bxb7 Qxb7 19. Nf3 b4 20. Rb1 Qc7 21. Bb2
cxd4 22. cxd4 Qa5 23. Rfc1 Qxa2 24. Ra1 Qd5 25. Rxa6 Rdc8 26. Qe3 Rxc1+ 27.
Qxc1 Nb6 28. Ra7 Ra8 29. Rc7 Qe4 30. Nd2 Qd3 31. Nf3 Nd5 32. Ne1 Qe4 33. Rc2
Ra2 34. f3 Qe3+ 35. Qxe3 Nxe3 36. Rc8+ Kh7 37. Nd3 Nd5 38. h4 g5 39. hxg5 hxg5
40. g3 Kg6 41. Re8 g4 42. fxg4 Bh6 43. Kg2 Ne3+ 44. Kh3 Nd1 45. d5 exd5 46. Bd4
Rd2 47. e6 fxe6 48. Ne5+ Kf6 49. Nf3+ Kf7 1/2-1/2

[Event "2MCR_3DE_2LA_1S"]
[Site "?"]
[Date "2007.??.??"]
[Round "?"]
[White "Korinek, Jaroslav"]
[Black "Bubenicek, Miloslav"]
[Result "1-0"]
[WhiteElo "2000"]
[BlackElo "1805"]
[Annotator "039"]
[PlyCount "63"]
[EventDate "2007.??.??"]
[EventType "corr"]
[EventRounds "2"]
[SourceDate "2007.01.28"]

1. e4 d6 2. Nc3 Nf6 3. d4 g6 4. Nf3 Bg7 5. Be2 O-O 6. O-O Bg4 7. Be3 c6 8. h3
Bxf3 9. Bxf3 Nbd7 10. Qd3 e5 11. d5 c5 12. a4 a6 13. a5 Rc8 14. Ra4 Qc7 15. Re1
Rfe8 16. Kh2 Re7 17. Be2 Ne8 18. g4 c4 19. Rxc4 Qd8 20. Ra1 Rxc4 21. Qxc4 h6
22. h4 Ndf6 23. g5 hxg5 24. hxg5 Nd7 25. Bg4 Qc7 26. Qxc7 Nxc7 27. Ra4 Ne8 28.
Rc4 f6 29. Rb4 Nc5 30. Kg2 fxg5 31. Bxc5 dxc5 32. Rb6 1-0

[Event "2MCR_3DE_2LA_1S"]
[Site "?"]
[Date "2007.??.??"]
[Round "?"]
[White "Bubenicek, Miloslav"]
[Black "Pauschek, Roman"]
[Result "0-1"]
[WhiteElo "1805"]
[BlackElo "2168"]
[Annotator "040"]
[PlyCount "49"]
[EventDate "2007.??.??"]
[EventType "corr"]
[EventRounds "2"]
[SourceDate "2007.01.28"]

1. e4 e5 2. Nf3 Nc6 3. Bb5 a6 4. Ba4 Nf6 5. O-O Be7 6. Re1 b5 7. Bb3 O-O 8. c3
d6 9. h3 Na5 10. Bc2 c5 11. d3 Re8 12. Bg5 h6 13. Bxf6 Bxf6 14. a4 b4 15. c4 g6
16. Nbd2 Bg7 17. Nb3 Nxb3 18. Bxb3 Rf8 19. Bc2 f5 20. b3 Qf6 21. Re3 Bb7 22.
Ra2 Rf7 23. exf5 gxf5 24. Nd2 Qh4 25. Nf3 0-1

[Event "2MCR_3DE_2LA_1S"]
[Site "?"]
[Date "2007.??.??"]
[Round "?"]
[White "Korinek, Jaroslav"]
[Black "Dedina, Miroslav"]
[Result "1/2-1/2"]
[WhiteElo "2000"]
[BlackElo "2165"]
[Annotator "041"]
[PlyCount "109"]
[EventDate "2007.??.??"]
[EventType "corr"]
[EventRounds "2"]
[SourceDate "2007.01.28"]

1. d4 d5 2. Nf3 e6 3. g3 Nf6 4. Bg2 c6 5. O-O Nbd7 6. Nbd2 Be7 7. Re1 c5 8. e4
O-O 9. e5 Ne8 10. c4 Nc7 11. Qc2 b6 12. dxc5 bxc5 13. Nb3 a5 14. Bd2 Ne8 15.
cxd5 exd5 16. e6 fxe6 17. Rxe6 Nc7 18. Re2 a4 19. Na5 Ra6 20. Qxa4 Bf6 21. Rb1
Nb8 22. Qc2 Bg4 23. Qxc5 Ne6 24. Qb4 Bxf3 25. Bxf3 Nd4 26. Re3 Nxf3+ 27. Rxf3
Nd7 28. Qb5 Ne5 29. Rb3 Qa8 30. Re1 Kh8 31. a3 h6 32. f4 Ng4 33. Qe2 Rxa5 34.
Qxg4 Ra6 35. Qf3 Rc6 36. Bc3 d4 37. Bd2 Rd8 38. Qd3 Qa4 39. Rb4 Qa8 40. g4 Rc3
41. Bxc3 dxc3 42. Qe3 c2 43. g5 Qc8 44. gxf6 Rd1 45. f7 c1=Q 46. f8=Q+ Qxf8 47.
Qxc1 Rxc1 48. Rxc1 Qf5 49. Rc3 Qg4+ 50. Kf2 Qh4+ 51. Kg2 Qg4+ 52. Kf1 Qd1+ 53.
Kf2 Qd2+ 54. Kg3 Qe1+ 55. Kf3 1/2-1/2

[Event "2MCR_3DE_2LA_1S"]
[Site "?"]
[Date "2007.??.??"]
[Round "?"]
[White "Bubenicek, Miloslav"]
[Black "Dedina, Miroslav"]
[Result "0-1"]
[WhiteElo "1805"]
[BlackElo "2165"]
[Annotator "042"]
[PlyCount "52"]
[EventDate "2007.??.??"]
[EventType "corr"]
[EventRounds "2"]
[SourceDate "2007.01.28"]

1. e4 c5 2. Nf3 e6 3. Bb5 a6 4. Be2 Nc6 5. O-O Nf6 6. d3 Qc7 7. Nc3 Be7 8. h3
O-O 9. Be3 b5 10. Qd2 Bb7 11. Bf4 d6 12. a3 Nd7 13. Rac1 Rac8 14. Bg5 Nb6 15.
Bxe7 Qxe7 16. Qg5 Qxg5 17. Nxg5 b4 18. axb4 cxb4 19. Na2 a5 20. Bg4 h6 21. Nxe6
h5 22. Bf5 g6 23. Nxf8 gxf5 24. exf5 Kxf8 25. c4 Nd4 26. Rfe1 Rc5 0-1

[Event "2MCR_3DE_2LA_3S"]
[Site "?"]
[Date "2007.??.??"]
[Round "?"]
[White "Cakl, Miloslav"]
[Black "Tunega, Frantisek"]
[Result "1-0"]
[WhiteElo "2024"]
[BlackElo "1800"]
[Annotator "043"]
[PlyCount "65"]
[EventDate "2007.??.??"]
[EventType "corr"]
[EventRounds "2"]
[SourceDate "2007.01.28"]

1. e4 c5 2. Nf3 Nc6 3. Bb5 g6 4. O-O Bg7 5. Re1 Nf6 6. Nc3 O-O 7. e5 Ne8 8.
Bxc6 bxc6 9. d4 cxd4 10. Nxd4 Nc7 11. Rb1 Rb8 12. Bf4 c5 13. Nf3 Ne6 14. Bg3
Bb7 15. Qd3 a5 16. Red1 Bc6 17. Nd5 a4 18. c3 Kh8 19. Nd2 Nc7 20. c4 Nxd5 21.
cxd5 Bb5 22. Qe3 Qb6 23. b3 axb3 24. Rxb3 Qa7 25. Rc1 Qxa2 26. Rcb1 Qa5 27. Bf4
c4 28. Nxc4 Qc7 29. Nd2 Ba6 30. d6 Rxb3 31. dxc7 Rxe3 32. fxe3 Kg8 33. Rb6 1-0

[Event "2MCR_3DE_2LA_1S"]
[Site "?"]
[Date "2007.??.??"]
[Round "?"]
[White "Dedina, Miroslav"]
[Black "Brichacek, Milan"]
[Result "0-1"]
[WhiteElo "2165"]
[BlackElo "2215"]
[Annotator "043"]
[PlyCount "92"]
[EventDate "2007.??.??"]
[EventType "corr"]
[EventRounds "2"]
[SourceDate "2007.01.28"]

1. e4 c5 2. Nf3 d6 3. d4 cxd4 4. Nxd4 Nf6 5. Nc3 a6 6. Be3 e5 7. Nb3 Be6 8. f3
Be7 9. Qd2 O-O 10. Be2 Nbd7 11. g4 b5 12. g5 b4 13. Nd5 Nxd5 14. exd5 Bf5 15.
O-O Bh3 16. Rfd1 f5 17. g6 hxg6 18. Qxb4 a5 19. Qd2 a4 20. Nc1 f4 21. Bf2 e4
22. fxe4 Bh4 23. Bf1 Qg5+ 24. Kh1 Bg4 25. Bxh4 Qxh4 26. Nd3 Bxd1 27. Rxd1 Rae8
28. Qe1 Qh7 29. Nf2 Ne5 30. Bh3 Qh5 31. Qf1 Rb8 32. Be6+ Kh7 33. b3 axb3 34.
axb3 f3 35. Qh3 Ra8 36. Qg3 Ra2 37. Ng4 Rxc2 38. Nxe5 Qxe5 39. Qxe5 dxe5 40. d6
f2 41. Rf1 Rc6 42. Kg2 Rxd6 43. Bd5 Rdf6 44. b4 Kh6 45. b5 Kh5 46. Kh1 g5 0-1

[Event "2MCR_3DE_2LA_1S"]
[Site "?"]
[Date "2007.??.??"]
[Round "?"]
[White "Majstr, Jiri"]
[Black "Binas, Jindrich"]
[Result "1/2-1/2"]
[WhiteElo "2103"]
[BlackElo "2021"]
[Annotator "044"]
[PlyCount "87"]
[EventDate "2007.??.??"]
[EventType "corr"]
[EventRounds "2"]
[SourceDate "2007.01.28"]

1. Nf3 Nf6 2. c4 e6 3. d4 d5 4. Nc3 c6 5. e3 Nbd7 6. Bd3 Bd6 7. Qc2 O-O 8. O-O
dxc4 9. Bxc4 b5 10. Be2 Bb7 11. Rd1 Qc7 12. e4 e5 13. Bg5 exd4 14. Rxd4 b4 15.
Bxf6 Nxf6 16. Na4 Ng4 17. h3 Ne5 18. Nxe5 Bxe5 19. Rxb4 Qe7 20. Nc5 Bd6 21.
Rxb7 Qe5 22. f4 Qxc5+ 23. Qxc5 Bxc5+ 24. Kf1 Rab8 25. Rxb8 Rxb8 26. Rc1 Be3 27.
Rxc6 Bxf4 28. b4 Kf8 29. b5 Rd8 30. Kf2 Rd2 31. Kf3 Be5 32. Ra6 Bb8 33. Ke3 Rd6
34. Ra3 Bc7 35. Bc4 Bb6+ 36. Ke2 Rd4 37. Bd3 Rb4 38. Kf3 Rb2 39. Bc4 Rc2 40.
Bd5 g5 41. e5 h5 42. Ke4 Rxg2 43. Kf5 Rb2 44. Bc6 1/2-1/2

[Event "2MCR_3DE_2LA_2S"]
[Site "?"]
[Date "2007.??.??"]
[Round "?"]
[White "Majstrova, Alzbeta"]
[Black "Vacek, Frantisek"]
[Result "0-1"]
[WhiteElo "1800"]
[BlackElo "1800"]
[Annotator "051 - PCL"]
[PlyCount "58"]
[EventDate "2007.??.??"]
[EventType "corr"]
[EventRounds "2"]
[SourceDate "2007.01.28"]

1. d4 d5 2. c4 c6 3. Nc3 Nf6 4. Nf3 dxc4 5. a4 Bf5 6. e3 e6 7. Bxc4 Bb4 8. O-O
O-O 9. Qb3 a5 10. Na2 c5 11. Nxb4 cxb4 12. Ne5 Nfd7 13. Nxd7 Qxd7 14. Bd2 Nc6
15. f3 Rac8 16. Rac1 Rfd8 17. Be1 Qe7 18. Bg3 h5 19. Rfd1 Bg6 20. Bf1 Kh7 21.
e4 Rd7 22. Qe3 Rcd8 23. Rc4 Na7 24. Qe1 Kg8 25. Bh4 f6 26. Bf2 Nc6 27. Qe3 Qe8
28. Be2 Bf7 29. f4 Qe7 0-1

[Event "2MCR_3DE_2LA_1S"]
[Site "?"]
[Date "2007.??.??"]
[Round "?"]
[White "Brichacek, Milan"]
[Black "Binas, Jindrich"]
[Result "0-1"]
[WhiteElo "2215"]
[BlackElo "2021"]
[Annotator "045"]
[PlyCount "118"]
[EventDate "2007.??.??"]
[EventType "corr"]
[EventRounds "2"]
[SourceDate "2007.01.28"]

1. d4 Nf6 2. c4 e6 3. Nc3 Bb4 4. a3 Bxc3+ 5. bxc3 c5 6. e3 b6 7. Bd3 Bb7 8. f3
Nc6 9. Ne2 d6 10. e4 Na5 11. O-O Nd7 12. Bf4 Qe7 13. Rb1 Ba6 14. Ng3 O-O 15.
Qe2 Rfe8 16. Be3 Rac8 17. Rfc1 Rc7 18. Rb2 Rec8 19. Rbc2 g6 20. Nf1 cxd4 21.
cxd4 Nb3 22. Rb1 Na5 23. Nd2 d5 24. exd5 exd5 25. Bf4 Qxe2 26. Bxe2 Rc6 27.
cxd5 Rxc2 28. Bxa6 Nf6 29. Bxc8 Nxd5 30. Bg5 Rxc8 31. Ne4 f5 32. Nf6+ Nxf6 33.
Bxf6 h6 34. Be5 Kf7 35. Rd1 Nc4 36. Rd3 Nb2 37. Rb3 Rc1+ 38. Kf2 Rc2+ 39. Kg3
Nc4 40. Bb8 a6 41. a4 g5 42. d5 Re2 43. Kh3 Rb2 44. Rd3 Ke7 45. f4 g4+ 46. Kg3
Re2 47. h3 gxh3 48. Kxh3 Re3+ 49. Rxe3+ Nxe3 50. Kg3 Nxd5 51. Be5 b5 52. axb5
axb5 53. Kf3 h5 54. g3 b4 55. Ke2 Nf6 56. Bd4 Ne4 57. Kd3 Ke6 58. Kc4 Nxg3 59.
Bg1 h4 0-1

[Event "2MCR_3DE_2LA_1S"]
[Site "?"]
[Date "2007.??.??"]
[Round "?"]
[White "Binas, Jindrich"]
[Black "Brichacek, Milan"]
[Result "1-0"]
[WhiteElo "2021"]
[BlackElo "2215"]
[Annotator "046"]
[PlyCount "107"]
[EventDate "2007.??.??"]
[EventType "corr"]
[EventRounds "2"]
[SourceDate "2007.01.28"]

1. e4 c5 2. Nf3 d6 3. d4 cxd4 4. Nxd4 Nf6 5. Nc3 a6 6. Bg5 e6 7. f4 Qb6 8. a3
Nbd7 9. Be2 Be7 10. Nb3 h6 11. Bxf6 Bxf6 12. Qd2 O-O 13. O-O-O Qf2 14. Bf3
Qxd2+ 15. Rxd2 Bxc3 16. bxc3 Nb6 17. Rxd6 Nc4 18. Rd4 Nxa3 19. e5 Nb5 20. Rd3
a5 21. Kb2 a4 22. Nd2 f6 23. exf6 gxf6 24. c4 Nc7 25. Ka3 Ra7 26. Rb1 e5 27.
fxe5 fxe5 28. Rb6 Kg7 29. Rdd6 Bf5 30. Rxh6 Na8 31. Rbd6 Nc7 32. Rh5 Rf6 33.
Rd8 Rf7 34. g4 Bxc2 35. Rxe5 Ra6 36. Bxb7 Re6 37. Rg5+ Kf6 38. Rgg8 Re3+ 39.
Kb2 Ne6 40. g5+ Ke5 41. Rd5+ Kf4 42. Bc6 Bh7 43. Re8 Bf5 44. Bd7 Rh7 45. Nf1
Re1 46. g6 Rxd7 47. Rxd7 Bxg6 48. Rg8 Kf5 49. Ng3+ Kf6 50. Rd2 Kf7 51. Ra8 Rb1+
52. Ka2 Rb7 53. Rf2+ Ke7 54. Nf5+ 1-0

[Event "2MCR_3DE_2LA_3S"]
[Site "?"]
[Date "2007.??.??"]
[Round "?"]
[White "Zednik, Martin"]
[Black "Tunega, Frantisek"]
[Result "1/2-1/2"]
[WhiteElo "2078"]
[BlackElo "1800"]
[Annotator "044"]
[PlyCount "122"]
[EventDate "2007.??.??"]
[EventType "corr"]
[EventRounds "2"]
[SourceDate "2007.01.28"]

1. e4 c5 2. Nf3 Nc6 3. Bb5 g6 4. O-O Bg7 5. c3 Nf6 6. Re1 O-O 7. d4 cxd4 8.
cxd4 d5 9. e5 Ne4 10. Nc3 Nxc3 11. bxc3 Na5 12. Bd3 Bg4 13. h3 Bxf3 14. Qxf3
Rc8 15. Be2 Nc4 16. Rb1 Qd7 17. h4 h6 18. h5 Rc6 19. Bd3 b6 20. Rb4 a6 21. Bxc4
dxc4 22. Be3 gxh5 23. d5 Rg6 24. Bxb6 h4 25. Kh1 Rg5 26. Rxc4 Qb5 27. Rc6 Rxe5
28. Rd1 Qa4 29. a3 Qc2 30. Kh2 Rg5 31. c4 Be5+ 32. Kh1 Rb8 33. Qd3 Qb2 34. Bd4
Qxd4 35. Qxd4 Bxd4 36. Rxd4 Rb2 37. Rf4 h5 38. Kh2 Rc2 39. Rxa6 Rg4 40. Rf5
Rgxc4 41. d6 exd6 42. Rxd6 Ra2 43. Ra6 Rcc2 44. Ra8+ Kg7 45. Ra7 Kg6 46. Raxf7
Rc6 47. Kh3 Rxa3+ 48. Kxh4 Ra1 49. Rf8 Rh1+ 50. Kg3 Rb6 51. Ra5 Rb3+ 52. f3 Rb4
53. f4 Rb3+ 54. Kf2 Kg7 55. Rc8 Rb2+ 56. Kf3 Rf1+ 57. Kg3 Rb3+ 58. Kh4 Rxf4+
59. Kxh5 Rb7 60. g4 Rf6 61. Rc3 Rh6+ 1/2-1/2

[Event "2MCR_3DE_2LA_3S"]
[Site "?"]
[Date "2007.??.??"]
[Round "?"]
[White "Stika, Vaclav"]
[Black "Zednik, Martin"]
[Result "1-0"]
[WhiteElo "2150"]
[BlackElo "2076"]
[Annotator "045"]
[PlyCount "107"]
[EventDate "2007.??.??"]
[EventType "corr"]
[EventRounds "2"]
[SourceDate "2007.01.28"]

1. e4 e5 2. Nf3 Nc6 3. Bb5 a6 4. Ba4 Nf6 5. O-O Be7 6. Re1 b5 7. Bb3 O-O 8. c3
d6 9. h3 Bb7 10. d4 Re8 11. Nbd2 Bf8 12. a4 exd4 13. cxd4 Na5 14. Bc2 c5 15. d5
Nd7 16. Nf1 Qb6 17. Ne3 Be7 18. Nh2 Ne5 19. Nhg4 Nxg4 20. Nxg4 Nc4 21. b3 Ne5
22. Nxe5 dxe5 23. Qh5 c4 24. bxc4 Qc7 25. Be3 bxc4 26. a5 Bd6 27. Reb1 Rab8 28.
Rb6 Rf8 29. Qf3 Qe7 30. Rab1 Qc7 31. h4 h6 32. h5 Rfe8 33. Ba4 Red8 34. Rc1 Qe7
35. Qg3 Kh8 36. Rxc4 Bc8 37. Rc3 Rb7 38. Bc6 Rxb6 39. axb6 a5 40. Rc1 Kh7 41.
Ra1 Bb4 42. Bc1 Ba6 43. Bb2 f6 44. Bc1 Qf7 45. Qg4 Rb8 46. Be3 Bc8 47. Qf3 Kg8
48. Rc1 Qf8 49. Qg3 Qf7 50. Ba4 Qxh5 51. Bd1 Qe8 52. Rc7 g5 53. Bg4 Bxg4 54.
Qxg4 1-0

[Event "2MCR_3DE_2LA_1S"]
[Site "?"]
[Date "2007.??.??"]
[Round "?"]
[White "Binas, Jindrich"]
[Black "Dedina, Miroslav"]
[Result "1-0"]
[WhiteElo "2021"]
[BlackElo "2165"]
[Annotator "047"]
[PlyCount "119"]
[EventDate "2007.??.??"]
[EventType "corr"]
[EventRounds "2"]
[SourceDate "2007.01.28"]

1. e4 c5 2. Nf3 e6 3. d4 cxd4 4. Nxd4 Nc6 5. Nc3 d6 6. Be3 Nf6 7. Qe2 e5 8. Nb3
Be7 9. f3 O-O 10. O-O-O a5 11. Nc5 d5 12. Nxd5 Nxd5 13. Rxd5 Qc7 14. a3 Nd4 15.
Bxd4 exd4 16. Qc4 Rd8 17. Nb3 Qf4+ 18. Kb1 Be6 19. Rxd8+ Rxd8 20. Qb5 b6 21.
Bc4 Bxc4 22. Qxc4 Bf6 23. Nc1 Qg5 24. Qe2 b5 25. Re1 Qe5 26. g3 Be7 27. f4 Qb8
28. e5 Qb6 29. e6 fxe6 30. Qxe6+ Qxe6 31. Rxe6 Bf6 32. Nd3 Rd5 33. Ne5 Kf8 34.
Ng4 Kf7 35. Rb6 d3 36. cxd3 Bd4 37. Rb7+ Kf8 38. Ne5 Bxe5 39. fxe5 Rxe5 40. Kc2
a4 41. Kc3 Rc5+ 42. Kd2 Rg5 43. d4 h5 44. Ke3 h4 45. Kf4 Rd5 46. Ke4 hxg3 47.
hxg3 Rg5 48. d5 Rxg3 49. Ke5 Rg6 50. Rxb5 Ke7 51. Rb7+ Ke8 52. Ra7 Rg4 53. Kd6
g5 54. Ra8+ Kf7 55. Kd7 Rd4 56. d6 g4 57. Rc8 g3 58. Rc2 Rg4 59. Rg2 Kf6 60.
Kd8 1-0